| 000 | 00628nam a2200241Ia 4500 | ||
|---|---|---|---|
| 003 | 0100 | ||
| 008 | 130227s9999 xx 000 0 und d | ||
| 020 | _a9966086250 | ||
| 040 | _cARRUPELIB | ||
| 050 | _aBX839.A4B458 | ||
| 100 | _aBenedict XVI | ||
| 245 | _aAfrica's commitment | ||
| 245 | _bPost-synodal apostolic exhortation | ||
| 260 | _aNairobi | ||
| 260 | _bPaulines | ||
| 260 | _C2011 | ||
| 300 | _a80p | ||
| 300 | _b 21cm | ||
| 440 | _aThe Pope speaks series | ||
| 650 | _bGold mines & mining - Zimababwe - History | ||
| 650 | _cMonomotopa Empire - Discovery & exploration - Portuguese | ||
| 942 |
_2lcc _01 |
||
| 999 |
_c6247 _d6247 |
||